Research and American Industrial Development / A Bicentennial Look at the Contributions of Applied R and D (Record no. 1765)
[ view plain ]
| 000 -LEADER | |
|---|---|
| fixed length control field | 01425cam a22001934a 4500 |
| 005 - ΗΜΕΡΟΜΗΝΙΑ ΚΑΙ ΩΡΑ ΤΕΛΕΥΤΑΙΑΣ ΕΝΗΜΕΡΩΣΗΣ | |
| Πεδίο ελέγχου | 20250605164018.0 |
| 008 - FIXED-LENGTH DATA ELEMENTS--GENERAL INFORMATION | |
| Πεδίο ελέγχου σταθερού μήκους | 250528s ||||||||||||||||||||||||d |
| 035 ## - SYSTEM CONTROL NUMBER | |
| System control number | 16246 |
| 020 ## - ISBN | |
| ISBN | 80197914 |
| 040 ## - ΠΗΓΗ ΚΑΤΑΛΟΓΟΓΡΑΦΗΣΗΣ | |
| Φορέας πρωτότυπης καταλογογράφησης | MC Athens Campus Library |
| Γλώσσα καταλογογράφησης | Ελληνικά, Μοντέρνα (1453-) |
| Modifying agency | MC Athens Campus Library |
| Κανόνες περιγραφικής καταλογογράφησης | AACR2 |
| 245 1# - ΤΙΤΛΟΣ ΚΑΙ ΔΗΛΩΣΗ ΥΠΕΥΘΥΝΟΤΗΤΑΣ | |
| Τίτλος | Research and American Industrial Development / A Bicentennial Look at the Contributions of Applied R and D |
| 260 ## - PUBLICATION, DISTRIBUTION, ETC. | |
| Name of publisher, distributor, etc. | Pergamon Press, |
| Date of publication, distribution, etc. | 1976 |
| 300 ## - PHYSICAL DESCRIPTION | |
| Extent | 476 |
| 520 ## - SUMMARY, ETC. | |
| Summary, etc. | This book has been written for the purpose of relating the influence R&D has had on the phenomenal transformation of a British colony into a world power in the span of 200 years. Foreword, Preface, Acknowledgements, Prologue, Roots of Industrial Research, Stimulating Applied Research in the United States, The Endowed Research Institutes - Mellon and Battelle, The First Non-Endowed Research Institute, The World War Years (1940-1945) and New Institutes, Growth of the Nine Independents, Explosive Growth of Applied Research Institutes, Growth of the Nine Independents, Explosive Growth of Applied Research Institutes, The Fresh Approach, Technology as a Commodity in International Trade, The Research Institutes Abroad, The Federal Government's Role in Research Support, In Retrospect and a Projection of the Future, Appendix, Supplement: ''Highlights of 50 years in R&D Management, Index. |
| 700 1# - ΠΡΟΣΘΕΤΗ ΑΝΑΓΡΑΦΗ--ΦΥΣΙΚΟ ΠΡΟΣΩΠΟ | |
| Personal name | Vagtborg Harold |
| 9 (RLIN) | 2328 |
| 942 ## - ADDED ENTRY ELEMENTS (KOHA) | |
| Koha item type | Books |
| Τύπος τεκμηρίου | Βιβλιοθήκη | Τρέχουσα τοποθεσία | Barcode | Αριθμός εισαγωγής | Ημερομηνία απόκτησης | Ταξιθετικό σύμβολο | Αριθμός αντιτύπου | Κατάσταση απόσυρσης | Κατάσταση χαμένου | Κατάσταση κατεστραμμένου | Μη δανεισμός | Σύνολο δανεισμών | Ημερομηνία τελευταίας εμφάνισης | Η τιμή ισχύει από |
|---|---|---|---|---|---|---|---|---|---|---|---|---|---|---|
| Books | MC Athens Campus Library | MC Athens Campus Library | 9780000017642 | 3333 | 05/06/2025 | 607.2/73 VAG | 1 | 05/06/2025 | 05/06/2025 |